000 00544nam a2200145Ia 4500
008 151213s9999 xx 000 0 und d
100 _aঅমিনুল্ ইসলাম।
245 _aসমকালীন পাশ্চাত্য দর্শন।
_cঅমিনুল্ ইসলাম।
260 _aঢাকা
_bআল কালাম আব্দুল ওহাব।
_c1982
300 _a8637 p.
650 _aBangla
650 _aদর্শন।
700 _aঅমিনুল্ ইসলাম।
999 _c4424
_d4424